Mort subite Les enfants des années 60 - Statistiques

Statistiques générales
  • Ce quiz a été pris 71 fois
  • Le résultat moyen est 2 sur 40
Answers on the Grid
Answers color-coded by a green-red scale on the quiz's grid according to % correct below.
Billy Idol
Sébastien Folin
Laurent Romejko
Louis Bodin
Ruth Elkrief
Madonna
Anthony Delon
Michaël Youn
Robin Renucci
Pierre Hermé
Justin Trudeau
Corinne Touzet
Alexia Laroche-Joubert
Florence Foresti
Whoopi Goldberg
Vincent Cassel
Kim Wilde
Laura Flessel
Zabou Breitman
Willem-Alexander des Pays-Bas
Hélène Grimaud
Thierry Beccaro
Marc Levy
François-Xavier Demaison
Pauline Ester
Hugh Grant
Jacques Gamblin
Guillaume de Tonquédec
Thomas Sotto
Thierry Marx
Jérôme Anthony
Alexandra Lamy
Natacha Amal
Tatiana Gousseff
Marina Carrère d'Encausse
Marie Drucker
Olivier Minne
Zazie
Claire Chazal
David Hallyday
Messmer
Marcel Desailly
Catherine Ringer
Brad Pitt
Cyril Hanouna
Barack Obama
Vanessa Paradis
Björk
Isabelle Martinet
Clovis Cornillac
Victoria Abril
Tomer Sisley
Christophe Hondelatte
Liam Gallagher
Mimie Mathy
Philippe Torreton
Flavie Flament
Dany Boon
Liane Foly
Alain Chabat
Franck Dubosc
Garou
Kurt Cobain
Bruno Peyron
J. K. Rowling
Melania Trump
Cristina Córdula
Patrick Fiori
Catherine Jacob
Sophie Duez
Frédéric Lopez
Jeannie Longo
Brooke Shields
Nikos Aliagas
Pierre-Jean Chalençon
Frédéric Anton
Zinédine Zidane
Mac Lesggy
Caroline Loeb
Tim Burton
 
Statistiques - réponses
Réponse % Correct
1966 David Hallyday
29%
1966 Vincent Cassel
29%
1969 Alexia Laroche-Joubert
14%
1964 Anthony Delon
14%
1961 Barack Obama
14%
1965 Brooke Shields
14%
1964 Cristina Córdula
14%
1966 Dany Boon
14%
1963 Franck Dubosc
14%
1960 Kim Wilde
14%
1968 Marcel Desailly
14%
1968 Natacha Amal
14%
1969 Nikos Aliagas
14%
1967 Olivier Minne
14%
1965 Björk
0%
1963 Brad Pitt
0%
1962 Christophe Hondelatte
0%
1968 Clovis Cornillac
0%
1964 Frédéric Anton
0%
1967 Frédéric Lopez
0%
1966 Guillaume de Tonquédec
0%
1969 Hélène Grimaud
0%
1960 Hugh Grant
0%
1960 Isabelle Martinet
0%
1968 Jérôme Anthony
0%
1965 J. K. Rowling
0%
1967 Kurt Cobain
0%
1963 Laurent Romejko
0%
1962 Liane Foly
0%
1962 Mac Lesggy
0%
1961 Marc Levy
0%
1961 Marina Carrère d'Encausse
0%
1969 Patrick Fiori
0%
1963 Pauline Ester
0%
1965 Philippe Torreton
0%
1961 Pierre Hermé
0%
1960 Ruth Elkrief
0%
1962 Sophie Duez
0%
1967 Willem-Alexander des Pays-Bas
0%
1964 Zazie
0%
Aucun quiz correspondant
Distribution des résultats
% des personnes avec chaque résultat
Percentile par nombre de réponses
Votre historique - résultats
Vous n’avez pas pris ce quiz